[E]spais : accés 100% [Recurs electrònic] accés 100% [Recurs electrònic]

Descripció física: 2 discs òptics (CD-ROM) ; 12 cm

MARC

LEADER 00000nam a2200000Ia 4500
001 21009
003 BGR
005 20260324175817.0
008 160829s2006 xx 000 0 cat d
080 |a CD-1-143 
245 |a [E]spais :  |b  accés 100% [Recurs electrònic] 
260 |a Barcelona :  |b Diputació de Barcelona. Direcció d'Informació Corporativa,  |c 2006 
300 |a 2 discs òptics (CD-ROM) ;  |c 12 cm 
590 |a Conté: CD1: Com utilitzar el ratolí; CD2: Curs d'internet bàsic.  
590 |a Requeriments del sistema: Sistema operatiu Windows XP, resolució mínima de pantalla 800x600 píxels, 16 MB de memòria RAM lliure, unitat lectora de CD-Rom 
650 |a Ordinadors   |9 36145 
650 |a Internet   |9 23315 
650 |a Material didàctic  |9 22831 
710 1 |a Barcelona (Catalunya : Província).  |b Diputació  |9 52408 
901 |a Arxiu 
942 |n 1  |2 udc  |c MON 
952 |0 0  |1 0  |4 0  |6 CD1143  |7 1  |9 50644  |a Arxiu  |b Arxiu  |d 2016-12-01  |l 0  |o CD-1-143  |p 21009  |r 2016-12-01 00:00:00  |w 2016-12-01  |y ARXIU 
999 |c 54486  |d 54486